000 00523nam a2200217 4500
003 URS
005 20220114162443.0
008 020101b xxu||||| |||| 00| 0 eng d
020 _a9710615505
040 _cddl
041 _aeng
042 _aDMLUC
050 0 0 _aBC 108
_bT55
100 1 _aTimbreza, Florentino T.
245 1 0 _aLogic made simple /
_cFlorentino T. Timbreza.
260 _aQuezon City :
_bPhoenix Pub.,
_cc1992.
300 _a242 pages
650 _aLogic.
942 _2ddc
_cF
999 _c12421
_d12421